000 00585nam a2200217Ia 4500
005 20250508165008.0
008 008 250505s9999 xx 000 0 hin d
020 _a81-87482-52-4
037 _aTextual
040 _aFEDL
_beng
_cFEDL
041 _ahin
_2hin
084 _a181.4, SAN
_qFEDL
100 _aSantosh
245 0 _aBharatiya darshan-kosh
260 _aBikaner, India
_bVagdevi Prakashan
_c2005
300 _a184p
365 _aINR
_b200
546 _aTr of Dictionary of Indian philosophy
942 _cTEXL
_h181.4, SAN
999 _c1392548
_d1392548